مكتبة جامعة عجلون الوطنية

فهرس بحث المكتبة

Normal view MARC view
  • الإتصال - وسائل الإتصال - الأدب والنقد

Entry Topical Term

Number of records used in: 1

001 - CONTROL NUMBER

  • control field: 33565

003 - CONTROL NUMBER IDENTIFIER

  • control field: JO-AjAnu

005 - DATE AND TIME OF LATEST TRANSACTION

  • control field: 20230606075630.0

008 - FIXED-LENGTH DATA ELEMENTS

  • fixed length control field: 230606|| aca||aabn | a|a d

040 ## - CATALOGING SOURCE

  • Original cataloging agency: JO-AjAnu
  • Transcribing agency: JO-AjAnu

150 ## - HEADING--TOPICAL TERM

  • Topical term or geographic name entry element: الإتصال - وسائل الإتصال - الأدب والنقد

670 ## - SOURCE DATA FOUND

  • Source citation: Work cat.: (JO-AjAnu)17243: مراجعة وتحرير أبو إصبع، صالح.... وآخرون, author 33564, ثقافة الصورة في الأدب والنقد: مؤتمر فيلادلفيا الدولي الثاني عشر24إلى 2007/4/26 بحوث محكمة